[Event "San Vicente op 8th"]
[Site "San Vicente"]
[Date "2024.03.28"]
[Round "3"]
[White "Ghazarian, Kirk Vagho"]
[Black "Filip, Andrei"]
[Result "1/2-1/2"]
[WhiteElo "2454"]
[BlackElo "2289"]
[PlyCount "48"]
[EventDate "2024.03.27"]
[EventType "swiss"]
[EventRounds "9"]
[EventCountry "ESP"]
[SourceTitle "CB14_2024"]
[SourceDate "2024.04.01"]
[SourceVersion "1"]
[SourceVersionDate "2024.04.01"]
[SourceQuality "1"]

1. d4 Nf6 2. c4 e6 3. Nf3 d5 4. g3 dxc4 5. Bg2 a6 6. 0-0 Nc6 7. e3 Rb8 8. Nfd2 e5 9. Bxc6+ bxc6 10. dxe5 Ng4 11. Nxc4 Be6 12. Nbd2 Bb4 13. b3 Bc3 14. Rb1 Bxd2 15. Nxd2 Nxe5 16. Bb2 Rb5 17. Nc4 Nxc4 18. bxc4 Bxc4 19. Qxd8+ Kxd8 20. Rfd1+ Kc8 21. a4 Ra5 22. Bxg7 Rg8 23. Rb4 Be2 24. Re1 Bd3 1/2-1/2

[Event "New York 1000 GM Winter GM-A"]
[Site "New York"]
[Date "2024.01.13"]
[Round "5"]
[White "Ghazarian, Kirk Vagho"]
[Black "Barbosa, Oliver"]
[Result "1/2-1/2"]
[WhiteElo "2432"]
[BlackElo "2482"]
[PlyCount "29"]
[EventDate "2024.01.11"]
[EventType "tourn"]
[EventRounds "9"]
[EventCountry "USA"]
[EventCategory "8"]
[SourceTitle "CB04_2024"]
[SourceDate "2023.10.16"]
[SourceVersion "1"]
[SourceVersionDate "2023.10.16"]
[SourceQuality "1"]

1. c4 c6 2. Nf3 d5 3. d4 Nf6 4. e3 Bf5 5. Nc3 e6 6. Nh4 Be4 7. f3 Bg6 8. Qb3 Qc7 9. Bd2 dxc4 10. Bxc4 a6 11. Rc1 Nbd7 12. Nxg6 hxg6 13. f4 b5 14. Be2 c5 15. Bf3 1/2-1/2

[Event "New York 1000 GM Winter GM-A"]
[Site "New York"]
[Date "2024.01.12"]
[Round "2"]
[White "Ghazarian, Kirk Vagho"]
[Black "Huston, Gus"]
[Result "1-0"]
[WhiteElo "2432"]
[BlackElo "2428"]
[PlyCount "61"]
[EventDate "2024.01.11"]
[EventType "tourn"]
[EventRounds "9"]
[EventCountry "USA"]
[EventCategory "8"]
[SourceTitle "CB04_2024"]
[SourceDate "2023.10.16"]
[SourceVersion "1"]
[SourceVersionDate "2023.10.16"]
[SourceQuality "1"]

1. c4 e5 2. g3 d5 3. cxd5 Qxd5 4. Nf3 Nc6 5. Bg2 Nf6 6. Nc3 Qd8 7. 0-0 Be7 8. b4 a6 9. a3 0-0 10. Bb2 h6 11. d3 Re8 12. Rc1 Bg4 13. h3 Be6 14. Kh2 Nd7 15. Nd2 Rb8 16. Nb3 Nd4 17. Na5 c6 18. e3 Nf5 19. Ne2 Nd6 20. Qd2 f6 21. e4 f5 22. f4 exf4 23. Nxf4 Bg5 24. h4 Bxf4 25. Qxf4 Nf8 26. h5 fxe4 27. Be5 g5 28. Qf2 Qe7 29. Ba1 Kh7 30. Qd4 Nd7 31. Bxe4+ 1-0

[Event "Bayern-chI Bank Hofmann 26th"]
[Site "Tegernsee"]
[Date "2023.10.28"]
[Round "1"]
[White "Tillmann, Markus"]
[Black "Ghazarian, Kirk Vagho"]
[Result "0-1"]
[WhiteElo "2085"]
[BlackElo "2473"]
[PlyCount "121"]
[EventDate "2023.10.28"]
[EventType "swiss"]
[EventRounds "9"]
[EventCountry "GER"]
[SourceTitle "Mega2024 Update 01"]
[Source "Chessbase"]
[SourceDate "2023.11.12"]
[SourceVersion "1"]
[SourceVersionDate "2023.11.12"]
[SourceQuality "1"]

1. d4 Nf6 2. c4 e6 3. Nc3 Bb4 4. e3 0-0 5. Bd3 Re8 6. Nge2 d5 7. a3 Bf8 8. 0-0 b6 9. b4 a5 10. b5 c5 11. bxc6 Nxc6 12. Bb2 Bb7 13. Rc1 Rc8 14. Qb3 Ba6 15. Nb5 Qd7 16. Rfd1 Na7 17. Nxa7 Qxa7 18. cxd5 exd5 19. Nf4 Bxd3 20. Nxd3 Qa6 21. a4 Rc4 22. Ne5 Rb4 23. Qc2 b5 24. axb5 Rxb5 25. Qd3 Qb7 26. Ba3 Rb3 27. Rc3 Rxc3 28. Qxc3 Ne4 29. Qd3 Bxa3 30. Qxa3 Ra8 31. Nd3 Qb5 32. f3 Nf6 33. Nc5 h5 34. Qd3 Qc6 35. Ra1 Ne8 36. Qc3 Qb5 37. Qb3 Qe2 38. Qd3 Qb2 39. Rb1 Qa2 40. Qb3 Qe2 41. Qd3 Qxd3 42. Nxd3 a4 43. Kf2 Nd6 44. Ke2 a3 45. Ra1 h4 46. Nb4 Rb8 47. Nxd5 Rb2+ 48. Kd3 Rxg2 49. Rxa3 Rxh2 50. Ra8+ Kh7 51. e4 h3 52. Ra1 g5 53. Nf6+ Kg7 54. Ng4 Rg2 55. Rh1 Rg3 56. Ke3 f5 57. exf5 Nxf5+ 58. Ke4 Nh4 59. Ne5 Kf6 60. d5 Nf5 61. Ng4+ 0-1

[Event "Fagernes Autumn op"]
[Site "Fagernes"]
[Date "2023.10.10"]
[Round "3"]
[White "Myagmarsuren, Evsuld"]
[Black "Ghazarian, Kirk Vagho"]
[Result "0-1"]
[WhiteElo "2107"]
[BlackElo "2473"]
[PlyCount "80"]
[EventDate "2023.10.08"]
[EventType "swiss"]
[EventRounds "9"]
[EventCountry "NOR"]
[SourceTitle "Mega2024 Update 01"]
[Source "Chessbase"]
[SourceDate "2023.11.12"]
[SourceVersion "1"]
[SourceVersionDate "2023.11.12"]
[SourceQuality "1"]

1. e4 c5 2. Nf3 e6 3. d4 cxd4 4. Nxd4 Nf6 5. Nc3 Nc6 6. Ndb5 Bc5 7. Nd6+ Ke7 8. Bf4 e5 9. Nf5+ Kf8 10. Bg5 d6 11. Bd3 h6 12. Bh4 g5 13. Bg3 Bxf5 14. exf5 d5 15. 0-0 a6 16. Na4 Ba7 17. c4 dxc4 18. Be2 b5 19. Nc3 Bd4 20. Bf3 Qb6 21. Qe2 Kg7 22. Nd5 Nxd5 23. Bxd5 Rad8 24. f6+ Kf8 25. Bf3 Rd6 26. Rad1 Rxf6 27. Bxc6 Qxc6 28. Bxe5 Bxe5 29. Qxe5 Kg7 30. f4 Re8 31. Qc3 Re2 32. Qg3 Rg6 33. f5 Rf6 34. Kh1 Qe4 35. Rd8 Rxf5 36. Qc3+ f6 37. Rd7+ Kg6 38. Rg1 Rf1 39. Qh3 Rxg1+ 40. Kxg1 Qb1+ 0-1

[Event "Fagernes Autumn op"]
[Site "Fagernes"]
[Date "2023.10.08"]
[Round "1"]
[White "Mannion, Stephen R"]
[Black "Ghazarian, Kirk Vagho"]
[Result "1/2-1/2"]
[WhiteElo "2179"]
[BlackElo "2473"]
[PlyCount "84"]
[EventDate "2023.10.08"]
[EventType "swiss"]
[EventRounds "9"]
[EventCountry "NOR"]
[SourceTitle "Mega2024 Update 01"]
[Source "Chessbase"]
[SourceDate "2023.11.12"]
[SourceVersion "1"]
[SourceVersionDate "2023.11.12"]
[SourceQuality "1"]

1. e4 c5 2. Nf3 e6 3. d4 cxd4 4. Nxd4 Nc6 5. Nc3 Qc7 6. Be3 a6 7. a3 b5 8. Nxc6 Qxc6 9. Bd3 Bb7 10. Qd2 b4 11. axb4 Bxb4 12. 0-0 Nf6 13. f3 0-0 14. Qf2 a5 15. Nb5 d5 16. e5 Nd7 17. Nd4 Qc7 18. f4 Ba6 19. Rfd1 Bxd3 20. cxd3 Rac8 21. Rac1 Qb8 22. Nc6 Qb5 23. Nxb4 Qxb4 24. Qd2 Qb3 25. Qxa5 Qxb2 26. Qd2 Qxd2 27. Bxd2 g5 28. g3 g4 29. Be3 Kg7 30. Kf2 h5 31. Rxc8 Rxc8 32. Rc1 Rb8 33. Rc2 Rb1 34. Bd4 Rh1 35. Ke3 Nf8 36. f5 Rf1 37. f6+ Kg6 38. Rc8 Nh7 39. Rg8+ Kf5 40. Rh8 Kg6 41. Rg8+ Kf5 42. Rh8 Kg6 1/2-1/2

[Event "Wch U20 60th"]
[Site "Mexico City"]
[Date "2023.09.29"]
[Round "8"]
[White "Ghazarian, Kirk Vagho"]
[Black "Santos, Jose Guilherme B Li"]
[Result "1/2-1/2"]
[WhiteElo "2473"]
[BlackElo "2392"]
[PlyCount "59"]
[EventDate "2023.09.21"]
[EventType "swiss"]
[EventRounds "11"]
[EventCountry "MEX"]
[SourceTitle "EXT 2024"]
[Source "ChessBase"]
[SourceDate "2023.10.10"]
[SourceVersion "1"]
[SourceVersionDate "2023.10.10"]
[SourceQuality "1"]

1. e4 c6 2. d4 d5 3. exd5 cxd5 4. Bd3 Nc6 5. c3 Qc7 6. h3 e5 7. dxe5 Nxe5 8. Qe2 Be7 9. Bb5+ Nc6 10. Bg5 Be6 11. Nf3 h6 12. Bxe7 Ngxe7 13. 0-0 0-0 14. Bd3 Qb6 15. Na3 a6 16. Qd2 d4 17. Nxd4 Nxd4 18. cxd4 Rad8 19. Rfd1 Nc6 20. Nc2 Rd6 21. Be4 Nxd4 22. Nxd4 Rfd8 23. Qe3 Rxd4 24. Rxd4 Rxd4 25. b3 Rd6 26. Qxb6 Rxb6 27. Rc1 Rb4 28. Bd3 g6 29. Kf1 a5 30. Rc3 1/2-1/2

[Event "Wch U20 60th"]
[Site "Mexico City"]
[Date "2023.09.27"]
[Round "6"]
[White "Pranav, Anand"]
[Black "Ghazarian, Kirk Vagho"]
[Result "1-0"]
[WhiteElo "2509"]
[BlackElo "2473"]
[PlyCount "157"]
[EventDate "2023.09.21"]
[EventType "swiss"]
[EventRounds "11"]
[EventCountry "MEX"]
[SourceTitle "EXT 2024"]
[Source "ChessBase"]
[SourceDate "2023.10.10"]
[SourceVersion "1"]
[SourceVersionDate "2023.10.10"]
[SourceQuality "1"]

1. e4 e6 2. d4 d5 3. Nc3 Nf6 4. e5 Nfd7 5. f4 c5 6. Nf3 Nc6 7. Be3 cxd4 8. Nxd4 Qb6 9. a3 Bc5 10. Ncb5 Nxd4 11. Bxd4 0-0 12. b4 Bxd4 13. Qxd4 f6 14. exf6 Qxd4 15. Nxd4 Rxf6 16. g3 e5 17. fxe5 Nxe5 18. Bg2 Bg4 19. Bxd5+ Kh8 20. h3 Bh5 21. g4 Rd8 22. Bxb7 Bxg4 23. hxg4 Rxd4 24. Rd1 Rxd1+ 25. Kxd1 Nxg4 26. Re1 h5 27. c4 h4 28. c5 h3 29. Bc8 Nf2+ 30. Ke2 h2 31. Bb7 Kg8 32. b5 Ng4 33. Bd5+ Kf8 34. c6 Ke7 35. c7 Kd7 36. Rc1 Rf2+ 37. Ke1 Rf8 38. Bb7 h1Q+ 39. Bxh1 Rc8 40. Bc6+ Kd6 41. Rd1+ Kxc7 42. Rd7+ Kb6 43. Rb7+ Ka5 44. Rxa7+ Kb6 45. Rb7+ Ka5 46. Bd7 Rc4 47. Ra7+ Kb6 48. Ra6+ Kc7 49. Bxg4 Rxg4 50. Kd2 Rg3 51. Kc2 Kb7 52. Kb2 g5 53. Rg6 Rf3 54. a4 Ka7 55. Rxg5 Kb6 56. Rg6+ Kc5 57. Ra6 Rf2+ 58. Kc3 Rf3+ 59. Kd2 Rf2+ 60. Ke3 Rb2 61. Ke4 Re2+ 62. Kf5 Rh2 63. b6 Kc6 64. a5 Rf2+ 65. Ke4 Re2+ 66. Kd4 Re7 67. Ra8 Rh7 68. Ke5 Rh5+ 69. Kf6 Rh6+ 70. Kg7 Rd6 71. Ra7 Rd8 72. Kf6 Rf8+ 73. Ke5 Rb8 74. Kd4 Rh8 75. b7 Rh4+ 76. Ke3 Rh8 77. a6 Re8+ 78. Kd3 Rd8+ 79. Kc3 1-0

[Event "Wch U20 60th"]
[Site "Mexico City"]
[Date "2023.09.21"]
[Round "1"]
[White "Ghazarian, Kirk Vagho"]
[Black "Weng, Winston"]
[Result "1-0"]
[WhiteElo "2473"]
[BlackElo "1808"]
[PlyCount "91"]
[EventDate "2023.09.21"]
[EventType "swiss"]
[EventRounds "11"]
[EventCountry "MEX"]
[SourceTitle "EXT 2024"]
[Source "ChessBase"]
[SourceDate "2023.10.10"]
[SourceVersion "1"]
[SourceVersionDate "2023.10.10"]
[SourceQuality "1"]

1. e4 c5 2. Nf3 e6 3. b3 Nc6 4. Bb2 d6 5. d4 cxd4 6. Nxd4 e5 7. Nxc6 bxc6 8. c4 Nf6 9. Nc3 Ba6 10. Be2 Be7 11. c5 Bxe2 12. Qxe2 dxc5 13. 0-0 Qc7 14. Rac1 0-0 15. Na4 Nd7 16. Rc2 Rab8 17. Rfc1 Rb5 18. Rd1 Re8 19. Ba3 h6 20. g3 Kh8 21. h4 Bf8 22. Qe3 Rd8 23. Rcd2 Be7 24. Rd3 Rbb8 25. Nxc5 Nxc5 26. Bxc5 Bxc5 27. Qxc5 Rxd3 28. Rxd3 f6 29. h5 Rd8 30. Rxd8+ Qxd8 31. Qxc6 Qd4 32. Kg2 Kh7 33. Qc2 Qb6 34. Qc3 Qd8 35. a4 a5 36. b4 axb4 37. Qxb4 Qa8 38. a5 f5 39. f3 f4 40. gxf4 exf4 41. e5 Qa6 42. Qe4+ Kg8 43. Qd5+ Kh7 44. e6 Qc8 45. Qe4+ Kg8 46. e7 1-0

[Event "AI Cup Play In"]
[Site "Chess.com INT"]
[Date "2023.09.18"]
[Round "1"]
[White "Xiong, Jeffery"]
[Black "Ghazarian, Kirk Vagho"]
[Result "1-0"]
[WhiteElo "2693"]
[BlackElo "2473"]
[PlyCount "95"]
[EventDate "2023.09.18"]
[EventType "swiss (rapid)"]
[EventRounds "9"]
[EventCountry "USA"]
[SourceTitle "EXT 2024"]
[Source "ChessBase"]
[SourceDate "2023.10.10"]
[SourceVersion "1"]
[SourceVersionDate "2023.10.10"]
[SourceQuality "1"]

1. e4 c5 2. Nf3 Nc6 3. Nc3 a6 4. d4 cxd4 5. Nxd4 e5 6. Nf5 d6 7. Bc4 Nf6 8. Bg5 Bxf5 9. exf5 Be7 10. Bxf6 Bxf6 11. Ne4 0-0 12. Qxd6 Nd4 13. Nxf6+ gxf6 14. Qxd8 Raxd8 15. 0-0-0 Nxf5 16. Rhe1 Kg7 17. a4 a5 18. c3 b6 19. Kc2 Ne7 20. Kb3 Ng6 21. Bf1 f5 22. Kc4 Rb8 23. Kb5 Rfc8 24. Rd6 Rc5+ 25. Ka6 e4 26. Ka7 Rcc8 27. Ba6 Re8 28. Bb5 Rec8 29. g4 fxg4 30. Rxe4 h5 31. Bc6 Rd8 32. Rxd8 Rxd8 33. Kxb6 Rd2 34. b4 axb4 35. cxb4 Rxf2 36. a5 Rxh2 37. a6 Ra2 38. a7 g3 39. a8Q Rxa8 40. Bxa8 h4 41. b5 f5 42. Re1 h3 43. Kc7 f4 44. b6 g2 45. b7 f3 46. b8Q f2 47. Qb2+ Kh7 48. Qxf2 1-0

[Event "Titled Tuesday intern op 12th Sep Late"]
[Site "Chess.com INT"]
[Date "2023.09.12"]
[Round "6"]
[White "Erzhanov, Arman"]
[Black "Ghazarian, Kirk Vagho"]
[Result "0-1"]
[WhiteElo "2175"]
[BlackElo "2473"]
[PlyCount "34"]
[EventDate "2023.09.12"]
[EventType "swiss (blitz)"]
[EventRounds "11"]
[EventCountry "USA"]
[SourceTitle "EXT 2024"]
[Source "ChessBase"]
[SourceDate "2023.10.10"]
[SourceVersion "1"]
[SourceVersionDate "2023.10.10"]
[SourceQuality "1"]

1. e4 c5 2. Nf3 Nc6 3. Bb5 Qb6 4. Nc3 e6 5. 0-0 Nge7 6. Re1 a6 7. Bf1 Ng6 8. b3 Bd6 9. Bb2 0-0 10. g3 Qc7 11. Bg2 b5 12. d4 cxd4 13. Nxd4 Nxd4 14. Qxd4 Be5 15. Nxb5 axb5 16. Qxe5 Nxe5 17. Bxe5 Qxe5 0-1

[Event "Titled Tuesday intern op 12th Sep Late"]
[Site "Chess.com INT"]
[Date "2023.09.12"]
[Round "3"]
[White "Ghazarian, Kirk Vagho"]
[Black "Buchenau, Frank"]
[Result "1-0"]
[WhiteElo "2473"]
[BlackElo "2135"]
[PlyCount "141"]
[EventDate "2023.09.12"]
[EventType "swiss (blitz)"]
[EventRounds "11"]
[EventCountry "USA"]
[SourceTitle "EXT 2024"]
[Source "ChessBase"]
[SourceDate "2023.10.10"]
[SourceVersion "1"]
[SourceVersionDate "2023.10.10"]
[SourceQuality "1"]

1. e4 e6 2. d3 d5 3. Nd2 Nf6 4. Ngf3 b6 5. g3 dxe4 6. dxe4 Bb7 7. Qe2 Ba6 8. c4 Nc6 9. Bg2 e5 10. 0-0 Bc5 11. Nb3 0-0 12. Bg5 h6 13. Rad1 Qe7 14. Nxc5 bxc5 15. Bxf6 Qxf6 16. b3 Nd4 17. Nxd4 cxd4 18. b4 c5 19. b5 Bb7 20. a4 a6 21. Ra1 a5 22. f4 exf4 23. gxf4 Rfe8 24. Qd3 Qg6 25. Rae1 f5 26. Kh1 fxe4 27. Qa3 Qf5 28. Qg3 Re7 29. Bh3 e3+ 30. Kg1 Qe4 31. Bg2 Qxg2+ 32. Qxg2 Bxg2 33. Kxg2 Rf8 34. Rf3 Ref7 35. b6 Rb8 36. Rb1 Rfb7 37. Rb5 Rxb6 38. Rxc5 Rb2+ 39. Kg3 Re8 40. Re5 Rxe5 41. fxe5 Rc2 42. e6 Rxc4 43. e7 Rc8 44. Rf4 e2 45. Kf2 d3 46. Rd4 Re8 47. Rxd3 Rxe7 48. Ke1 g5 49. Rd5 Kg7 50. Rxa5 Kg6 51. Rd5 Kh5 52. Rd2 Re4 53. Ra2 Kg4 54. a5 Kf3 55. a6 Re8 56. a7 Ra8 57. Ra3+ Kg2 58. h3 h5 59. Kxe2 g4 60. hxg4 hxg4 61. Ke3 g3 62. Kf4 Kh3 63. Rxg3+ Kh2 64. Ra3 Kg2 65. Ke5 Kf2 66. Kd5 Ke2 67. Ra6 Ke3 68. Kc5 Kd3 69. Kb6 Kc4 70. Kb7 Rxa7+ 71. Kxa7 1-0

[Event "Titled Tuesday intern op 12th Sep Late"]
[Site "Chess.com INT"]
[Date "2023.09.12"]
[Round "1"]
[White "Ghazarian, Kirk Vagho"]
[Black "Novikova, Galina"]
[Result "1/2-1/2"]
[WhiteElo "2473"]
[BlackElo "2073"]
[PlyCount "150"]
[EventDate "2023.09.12"]
[EventType "swiss (blitz)"]
[EventRounds "11"]
[EventCountry "USA"]
[SourceTitle "EXT 2024"]
[Source "ChessBase"]
[SourceDate "2023.10.10"]
[SourceVersion "1"]
[SourceVersionDate "2023.10.10"]
[SourceQuality "1"]

1. e4 e6 2. d4 d5 3. Bd3 dxe4 4. Bxe4 Nf6 5. Bf3 Be7 6. Ne2 c5 7. 0-0 Nc6 8. Be3 cxd4 9. Nxd4 Ne5 10. Nc3 0-0 11. Be2 a6 12. h3 Bd7 13. f4 Ng6 14. Bf3 Rb8 15. Qe2 Bc5 16. Rad1 Nh4 17. Kh2 Nxf3+ 18. Nxf3 Bxe3 19. Qxe3 Qc7 20. Ne5 Bc6 21. Nxc6 Qxc6 22. Rd3 Rbd8 23. Rfd1 Rxd3 24. Qxd3 Qb6 25. b3 Qb4 26. Ne2 h6 27. c4 Qa5 28. Qd2 Qf5 29. Qd3 Qa5 30. Qd2 Qf5 31. Ng3 Qc5 32. Qd4 Qa5 33. Rd2 Rc8 34. Qd3 Qc7 35. Qd6 Qa5 36. a3 Qc3 37. Qd3 Qc1 38. f5 e5 39. Rd1 Qxa3 40. Re1 Re8 41. Ne4 Nxe4 42. Rxe4 Qe7 43. Qf3 Qf6 44. Re3 Qc6 45. Qg3 f6 46. Rd3 Qc7 47. Rd5 Rd8 48. Rxd8+ Qxd8 49. Qf3 Qc7 50. Qd5+ Kh7 51. h4 Qc8 52. Qe4 Qd7 53. Qg4 Qe8 54. Kh3 Qd7 55. g3 b5 56. c5 Kh8 57. Qe4 Qd1 58. c6 Qf1+ 59. Kh2 Qf2+ 60. Qg2 Qc5 61. Qe4 a5 62. Kh3 a4 63. b4 Qc1 64. Qd5 Kh7 65. Qd7 h5 66. Kg2 Qc2+ 67. Kf3 Qc3+ 68. Ke4 Qc4+ 69. Ke3 Qc3+ 70. Ke2 Qc2+ 71. Ke3 Qb3+ 72. Ke2 Qc4+ 73. Ke3 Qc3+ 74. Ke2 Qc2+ 75. Ke3 Qc3+ 1/2-1/2

[Event "Titled Tuesday intern op 12th Sep Late"]
[Site "Chess.com INT"]
[Date "2023.09.12"]
[Round "4"]
[White "Ghazarian, Kirk Vagho"]
[Black "Slavin, Alexei"]
[Result "1-0"]
[WhiteElo "2473"]
[BlackElo "2364"]
[PlyCount "129"]
[EventDate "2023.09.12"]
[EventType "swiss (blitz)"]
[EventRounds "11"]
[EventCountry "USA"]
[SourceTitle "EXT 2024"]
[Source "ChessBase"]
[SourceDate "2023.10.10"]
[SourceVersion "1"]
[SourceVersionDate "2023.10.10"]
[SourceQuality "1"]

1. e4 Nc6 2. Nf3 d6 3. d4 Nf6 4. Nc3 Bg4 5. Be3 a6 6. Be2 e5 7. d5 Ne7 8. Nd2 Bd7 9. a4 Ng6 10. h4 h6 11. g3 Be7 12. a5 Qc8 13. h5 Nf8 14. f4 Ng4 15. Bg1 Nh7 16. Nc4 0-0 17. f5 Ngf6 18. Be3 Qd8 19. Qd2 Ne8 20. Qd3 Bg5 21. Bf2 Nhf6 22. Kf1 c5 23. Nb6 Rb8 24. Nxd7 Nxd7 25. Kg2 Nef6 26. b3 Kh8 27. Nd1 Qc7 28. Nb2 b6 29. axb6 Rxb6 30. Nc4 Rb4 31. Rxa6 Nb6 32. Rxb6 Rxb6 33. Nxb6 Qxb6 34. Ra1 Qb4 35. Bf3 Rc8 36. Be1 Qb6 37. Qc4 Rb8 38. Ra6 Qc7 39. Ba5 Qd7 40. Bc3 Be3 41. Qa4 Qd8 42. Qc6 Bd4 43. Ba5 Qg8 44. Qxd6 Ra8 45. Rxa8 Qxa8 46. Qd8+ Qxd8 47. Bxd8 Nd7 48. Ba5 Kg8 49. Bd2 Kf8 50. c3 Nb6 51. cxd4 cxd4 52. Be2 Ke7 53. Bd3 Kd6 54. Kf3 Nd7 55. Ke2 Kc7 56. Ba5+ Kb7 57. b4 Ka7 58. b5 Kb7 59. d6 Nc5 60. Bc4 Nxe4 61. Bd5+ Kc8 62. Bxe4 Kd7 63. b6 Kxd6 64. b7 d3+ 65. Kd1 1-0

[Event "Titled Tuesday intern op 05th Sep Late"]
[Site "Chess.com INT"]
[Date "2023.09.05"]
[Round "5"]
[White "Dubnevych, Maksym"]
[Black "Ghazarian, Kirk Vagho"]
[Result "0-1"]
[WhiteElo "2391"]
[BlackElo "2473"]
[PlyCount "118"]
[EventDate "2023.09.05"]
[EventType "swiss (blitz)"]
[EventRounds "11"]
[EventCountry "USA"]
[SourceTitle "EXT 2024"]
[Source "ChessBase"]
[SourceDate "2023.10.10"]
[SourceVersion "1"]
[SourceVersionDate "2023.10.10"]
[SourceQuality "1"]

1. d4 Nf6 2. Nc3 d5 3. Bf4 c5 4. e3 cxd4 5. exd4 a6 6. Be2 Nc6 7. Nf3 Bg4 8. Ne5 Bxe2 9. Nxe2 e6 10. 0-0 Bd6 11. Nxc6 bxc6 12. c3 0-0 13. Qd3 c5 14. Bxd6 Qxd6 15. dxc5 Qxc5 16. Qd4 Qb5 17. Qd2 Rab8 18. b4 Rfc8 19. f3 Nd7 20. a4 Qc4 21. Rfd1 Ne5 22. Qe3 Qc7 23. Qd4 h6 24. Rac1 Nc4 25. Kh1 Nb2 26. Rf1 Nxa4 27. f4 Qc4 28. Qe3 Qe4 29. Qxe4 dxe4 30. f5 e5 31. Kg1 Rc4 32. f6 Rbc8 33. fxg7 Kxg7 34. Rf5 f6 35. Rcf1 R8c6 36. Ng3 Nxc3 37. Nh5+ Kg6 38. Nxf6 Ne2+ 39. Kh1 Nf4 40. Rxe5 Rxf6 41. Ra5 e3 42. g3 e2 43. Re1 Nd3 44. Rxe2 Nxb4 45. h4 h5 46. Ree5 Rf2 47. Rg5+ Kf6 48. Kg1 Rb2 49. Raf5+ Ke6 50. Re5+ Kd6 51. Re1 Rcc2 52. Rd1+ Kc6 53. Rxh5 Rg2+ 54. Kf1 Rgf2+ 55. Kg1 Rg2+ 56. Kh1 Rh2+ 57. Kg1 Rbg2+ 58. Kf1 Rxg3 59. Rh6+ Kb5 0-1

[Event "Titled Tuesday intern op 29th Aug Late"]
[Site "Chess.com INT"]
[Date "2023.08.29"]
[Round "1"]
[White "Bueno, Alfeu Varela Jr"]
[Black "Ghazarian, Kirk Vagho"]
[Result "0-1"]
[WhiteElo "2135"]
[BlackElo "2474"]
[PlyCount "134"]
[EventDate "2023.08.29"]
[EventType "swiss (blitz)"]
[EventRounds "11"]
[EventCountry "USA"]
[SourceTitle "EXT 2024"]
[Source "ChessBase"]
[SourceDate "2023.10.10"]
[SourceVersion "1"]
[SourceVersionDate "2023.10.10"]
[SourceQuality "1"]

1. e4 c5 2. Nc3 Nc6 3. f4 g6 4. Nf3 Bg7 5. Bb5 Nd4 6. 0-0 Nxb5 7. Nxb5 d5 8. exd5 a6 9. Nc3 Nf6 10. d4 c4 11. Qe2 b5 12. Ne5 Bb7 13. a4 b4 14. Na2 Qxd5 15. Nxb4 Qxd4+ 16. Be3 Qe4 17. Rad1 0-0 18. Rd4 Qf5 19. Qxc4 Rac8 20. Qd3 a5 21. Qxf5 gxf5 22. Nbd3 Rxc2 23. Rf2 Rxf2 24. Nxf2 Rc8 25. Rc4 Rd8 26. Nc6 Bxc6 27. Rxc6 Nd5 28. Bd2 Bxb2 29. Bxa5 Ra8 30. Rc5 e6 31. g3 Bd4 32. Rb5 Rc8 33. Rb1 Rc2 34. Be1 Ra2 35. a5 Ne3 36. Kh1 Nc2 37. Nd3 Nxe1 38. Rxe1 Rxa5 39. Re2 Ra3 40. Ne5 Kg7 41. Kg2 Kf6 42. Nf3 Bc3 43. Rc2 h6 44. Kf2 Bb4 45. Ke2 Ra1 46. Kf2 Ba5 47. Kg2 Bb6 48. Re2 Ke7 49. Kh3 Rb1 50. Kg2 f6 51. Nh4 Kf7 52. Rc2 Bd4 53. Rd2 Be3 54. Rd7+ Ke8 55. Rh7 Rb2+ 56. Kh3 Kf8 57. Rxh6 Kg7 58. Rg6+ Kf7 59. Rh6 Bg1 60. Nf3 Bf2 61. Nh4 Kg7 62. Rg6+ Kf7 63. Rh6 Bg1 64. Nf3 Be3 65. Nh4 Bd4 66. Rh7+ Ke8 67. Rd7 Bg1 0-1

[Event "Titled Tuesday intern op 29th Aug Late"]
[Site "Chess.com INT"]
[Date "2023.08.29"]
[Round "2"]
[White "Ghazarian, Kirk Vagho"]
[Black "Sivakumar, Shaashwath"]
[Result "1-0"]
[WhiteElo "2474"]
[BlackElo "2207"]
[PlyCount "97"]
[EventDate "2023.08.29"]
[EventType "swiss (blitz)"]
[EventRounds "11"]
[EventCountry "USA"]
[SourceTitle "EXT 2024"]
[Source "ChessBase"]
[SourceDate "2023.10.10"]
[SourceVersion "1"]
[SourceVersionDate "2023.10.10"]
[SourceQuality "1"]

1. e4 c5 2. b3 g6 3. Bb2 Nf6 4. g3 d6 5. Bg2 Bg7 6. d3 0-0 7. Ne2 Nc6 8. 0-0 e5 9. Nd2 Ne8 10. f4 f5 11. h3 Be6 12. Kh2 Qd7 13. fxe5 dxe5 14. Nf3 h6 15. Nc3 Nc7 16. Qd2 f4 17. gxf4 exf4 18. Na4 Bxb2 19. Nxb2 g5 20. Nc4 Kh7 21. Nce5 Nxe5 22. Nxe5 Qg7 23. Nf3 g4 24. hxg4 Qxg4 25. Qf2 Rg8 26. Rg1 Rg7 27. Qh4 Rag8 28. Qxg4 Bxg4 29. Ne5 Bc8 30. Bf3 Rxg1 31. Rxg1 Rxg1 32. Kxg1 Be6 33. Kf2 Kg7 34. c3 Nb5 35. c4 Nd4 36. Bd1 Kf6 37. Ng4+ Bxg4 38. Bxg4 b6 39. Bd1 Kg5 40. Kg2 h5 41. Kh2 Kh4 42. Kg2 Kg5 43. Kh2 Nc6 44. Kg2 Ne5 45. Be2 h4 46. a3 a5 47. a4 f3+ 48. Bxf3 h3+ 49. Kg3 1-0

[Event "Titled Tuesday intern op 29th Aug Late"]
[Site "Chess.com INT"]
[Date "2023.08.29"]
[Round "7"]
[White "Grigoriants, Sergey"]
[Black "Ghazarian, Kirk Vagho"]
[Result "1-0"]
[WhiteElo "2562"]
[BlackElo "2474"]
[PlyCount "95"]
[EventDate "2023.08.29"]
[EventType "swiss (blitz)"]
[EventRounds "11"]
[EventCountry "USA"]
[SourceTitle "EXT 2024"]
[Source "ChessBase"]
[SourceDate "2023.10.10"]
[SourceVersion "1"]
[SourceVersionDate "2023.10.10"]
[SourceQuality "1"]

1. d4 d5 2. c4 e6 3. Nc3 a6 4. c5 b6 5. cxb6 cxb6 6. Bf4 Bb7 7. e3 Bd6 8. Nf3 Nf6 9. Bd3 Bxf4 10. exf4 Nc6 11. 0-0 0-0 12. Re1 b5 13. Rc1 Rc8 14. Ne5 h6 15. Bb1 Qb6 16. Qd3 Nb4 17. Qd2 Nc6 18. Rcd1 b4 19. Na4 Qc7 20. Nc5 a5 21. f3 Nxe5 22. fxe5 Nd7 23. Qd3 Rfe8 24. Qh7+ Kf8 25. Nxd7+ Qxd7 26. Qh8+ Ke7 27. Qxg7 Kd8 28. Qxh6 Kc7 29. Rc1+ Kb6 30. Rxc8 Rxc8 31. Rc1 Rd8 32. Qe3 Rg8 33. g3 Ba6 34. Bd3 Bb7 35. Qd2 Qa4 36. Qc2 Qxc2 37. Rxc2 a4 38. Rc1 Bc6 39. Kf2 Bd7 40. h4 Rh8 41. Kg2 Rh6 42. Kh3 f6 43. g4 fxe5 44. dxe5 Rh8 45. g5 Rf8 46. Kg4 a3 47. bxa3 bxa3 48. h5 1-0